Представление документа в формате RUSMARC

Поле Инд. ПП Название Значение
Тип записи a
Библиографический уровень m
001 Контрольный номер RU\infra-m\znanium\bibl\2183342
003 Постоянный идентификатор записи https://znanium.ru/catalog/document?id=456143
005 Дата корректировки 20260401093054.3
010 a ISBN 978-5-00209-144-7
100 a Данные общей обработки 20241106d2024 m y0rusy0150 ca
101 0_ a Язык текста rus
102 a Страна публикации RU
200 1_ a Заглавие Актуальные проблемы частного права
e Сведения, относящиеся к заглавию сборник материалов III Международной научно-практической студенческой конференции
g Последующие сведения об ответственности отв. ред. А. А. Ананьева, А. Н. Лужина, О .В. Сазанкова
b Общее обозначение материала Электронный ресурс
210 1_ a Место издания Москва
c Издательство РГУП им. В.М. Лебедева
d Дата издания 2024
215 a Объем 359 с.
333 a Примечание о целевом назначении ВО - Магистратура
606 a Основная рубрика Право. Юридические науки
x Основная подрубрика Гражданское и торговое право
2 Код системы local
608 a Жанр/форма Сборник
2 Код системы local
675 a Индекс УДК 347
z Язык издания rus
702 _1 g Полное личное имя Ананьева А.А., отв. ред.
702 _1 g Полное личное имя Лужина А. Н., отв. ред.
702 _1 g Полное личное имя Сазанкова О. В., отв.ред.
712 02 a Организация/ юрисдикция Саратовская государственная юридическая академия, Юридический институт правового администрирования
712 02 a Организация/ юрисдикция Российский государственный университет правосудия г. Москва им. В.М. Лебедева
801 _0 a Страна RU
b Организация Общество с ограниченной ответственностью «ЗНАНИУМ»
c Дата составления 20241105
2 Код формата rusmarc
856 4_ a Внешний URL ресурс ЭБС Znanium.com. Доступ по логину и паролю
m Координаты для получения помощи по доступу ebs_support@infra-m.ru
n Название местонахождения сервера НИЦ ИНФРА-М
u URL https://znanium.ru/catalog/document?id=456143
856 41 a Внешний URL ресурс znanium.ru
d Путь (Path) /cover/2183
f Электронное имя 2183342.jpg
q Тип электронного формата image/jpeg
856 4_ u URL https://op.raj.ru/serijnye-izdaniya/117-sborniki-nauchnykh-statej/1276-akt-pr-chast-prava-3
900 a Макрообъекты Актуальные проблемы частного права 01 09 (3)
905 a Дата ввода 20260401
952 c Вид литературы издания РГУП